000 00747nam a2200229 a 4500
001 BRL_1887
005 20190320211423.0
008 120815s1939----mx-a######---#000-0#spa-#
041 _aspa
044 _amx
050 4 _aPQ7270
_b.A98 1939
245 1 0 _aAutos y coloquios del siglo XVI
_cpról. y notas de José Rojas Garcidueñas.
260 _aMéxico
_bUniversidad Nacional Autónoma de México
_c1939
300 _axxiii, 172 p.
_bil.
_c21 cm.
440 0 _aBiblioteca del estudiante universitario
_v4
_928157
500 _aAu673
500 _aEstado físico: Tiene desprendida la pasta del lomo.
650 1 4 _aTeatro mexicano
_yHasta 1800
_928158
700 1 _aRojas Garcidueñas, José
_d1912-
_928159
902 _aGRL
942 _2lcc
_cB
999 _c10695
_d10695